000 01022nas a2200337 4500
001 BR2012009264
003 BR-BrBNA
005 20231205121621.0
007 ta
008 230509b bl.|||p| |||| 00| 00por d
040 _aBR-BrBNA
_bpor
_cBiblioteca Nacional de Agricultura
041 _a(Pt)
072 _aL53; U10
100 1 _aCamargo Júnior, R.N.C.
100 1 _aMarques, J.R.F.
100 1 _aMarcondes, C.R.
100 1 _aAraújo, C.V.
100 1 _aAguiar, J.F.
100 1 _aMarques, L.C.
100 1 _aRodrigues, A.E.
245 1 _aÍndices de eficiência de búfalos da Amazônia Oriental do Brasil
650 _aBÚFALO
650 _aEFICIÊNCIA REPRODUTIVA
650 _aMANEJO
650 _aSELEÇÃO GENÉTICA
650 _aMODELO MATEMÁTICO
650 _aAMAZÔNIA
773 0 _tArquivo Brasileiro de Medicina Veterinária e Zootecnia (Brazil)
_xISSN 0102-0935
_g(Aug 2012), v. 64(4) p. 796-803
_wBR2012009264
909 _a202311
_bLúcia
_c55
_dLúcia Elande
942 _2AGRIS
_n0
_cANA
999 _c224405
_d224405